Statistics for Largest landlocked countries

Click here to take the quiz!

General Stats

  • This quiz has been taken 1,050 times
  • The average score is 17 of 20

Answer Stats

Area (km^2)Country% Correct
2,724,900Kazakhstan
98%
1,566,500Mongolia
97%
1,098,581Bolivia
94%
1,284,000Chad
94%
1,267,000Niger
91%
1,240,192Mali
90%
449,100Uzbekistan
90%
406,752Paraguay
89%
488,100Turkmenistan
88%
622,984Central African Republic
86%
752,612Zambia
84%
619,745South Sudan
83%
647,500Afghanistan
82%
582,000Botswana
81%
390,757Zimbabwe
81%
1,104,300Ethiopia
77%
241,038Uganda
72%
274,222Burkina faso
69%
207,600Belarus
67%
236,800Laos
66%

Score Distribution

Percentile by Number Answered

Percent of People with Each Score

Your Score History

You have not taken this quiz